000 00439nam a2200193Ia 4500
008 170918s9999 xx 000 0 und d
020 _a9780590677136
050 _bT253 1997
100 _aTeague, Mark
245 _aBaby Tamer /
245 _cby Mark Teague.
260 _aNew York :
260 _bScholastic,
260 _c1997
300 _aunpaged :
300 _bcolored illustration ;
300 _c25cm.
500 _a770
999 _c342942
_d342942